000 00590nam a2200217 a 4500
001 BRCA_7127
005 20190320205725.0
008 100112s1936----nyua######---#000-0#eng-#
041 _aeng
044 _anyu
050 4 _aRA776
_b.M32 1936
100 1 _aMcGovern, Artie
_917708
245 1 0 _aThe secret of keeping fit
_ban easy and sure way to better health
_cby Artie McGovern.
260 _aNueva York
_bSimon & Schuster
_c1936
300 _aviii, 242 p.
_bil.
_c20 cm.
500 _aP7
650 1 4 _aHigiene
_916391
650 1 4 _aCalistenia
_915659
902 _aGFM
942 _2lcc
_cB
999 _c6808
_d6808